000 00267nam a2200109Ia 4500
008 200302s9999 xx 000 0 und d
100 _aM. Richards
245 _aAn Architectural Journey in Japan
260 _bThe Architectural Press
260 _c1963
300 _a192 P.,
999 _c252
_d252